EDUCATION and training in remote sensing for the ESCAP region, Wuhan, China Report of the Working Group Meeting

Bibliographic Details
Format: Book
Published: Bangkok, Thailand : ESCAP/UNDP Regional Remote Sensing Programme , 1988
Subjects:

MARC

LEADER 00000cam a2200000 7i4500
001 0000000404
005 20031020.0
090 0 0 |a 621.3678   |b EDU 1988 
245 0 0 |a EDUCATION and training in remote sensing for the ESCAP region, Wuhan, China   |f 11-14 October 1988 :   |b Report of the Working Group Meeting 
260 0 0 |a Bangkok, Thailand :   |b ESCAP/UNDP Regional Remote Sensing Programme ,   |c 1988 
300 |a 95 p. ;   |c 30 cm. 
650 0 0 |a Remote sensing--Study and teaching 
999 |a 0000001570   |b Monograph   |c Open Shelf   |e Default branch